000 00526nam a2200181Ia 4500
003 GCL
008 140319s9999 xx 000 0 ara d
040 _aGCL /
_cGCL
082 0 4 _a813.03
_bا م
100 1 _aابراهيم نصرالله
245 1 0 _aمجرد 2 فقط: رواية /
_cابراهيم نصرالله
300 _a180 ص
490 _a100 قصة
_v0
650 0 4 _aالادب العربى
650 0 4 _aالقصص العربية
650 0 4 _aالقصص العربية المترجمة
942 _2ddc
_cBK
999 _c46547
_d46547